Juventud popular urbana y nuevo clima cultural: una aproximación

Đã lưu trong:
Chi tiết về thư mục
Tác giả chính: Auyero, Javier
Định dạng: Texto
Được phát hành: Buenos Aires: Fundación del Sur
Những chủ đề:
Các nhãn: Thêm thẻ
Không có thẻ, Là người đầu tiên thẻ bản ghi này!

MARC

LEADER 00000 a a2200000 04500
001 19338
003
040
090 |a 145700  
100 |a Auyero, Javier  
245 |a Juventud popular urbana y nuevo clima cultural: una aproximación  
260 |a Buenos Aires:   |b Fundación del Sur  
300 |a 51 p.  
650 |a JUVENTUD  
650 |a IDENTIDAD CULTURAL  
650 |a CULTURA  
650 |a JUVENTUD URBANA  
999 |c 10259  |d 10259